000 00981nam a2200301 4500
003 EG-GICUC
005 20260121101349.0
008 251126s1948 uk ||||fr|||| 001 0 eng d
040 _aEG-GiCUC
_beng
_cEG-GiCUC
_dEG-GiCUC
_erda
041 _aeng
082 0 4 _221
_a341.22
_bJ E . B
092 0 4 _221
099 _aLaw1 11 341.22 J E . B 1948
100 1 _aJennings, Ivor,
_cSir,
_d1903-1965.
_eAuthor.
245 1 4 _aThe British Commonwealth of Nations.
_nVolume 4 /
_c Ivor Jennings.
264 1 _aLondon :
_bHutchinson university Library،
_c[1948].
300 _a176 pages ;
_c24 cm.
336 _2rda content
_atext
337 _2rda media
_aComputer
338 _2rda carrier
_aOnline Resource
504 _aIncludes bibliography.
546 _aText in English
650 1 _aA Society of Nations
_xPublic international law
_2qrmak
651 1 _2qrmak
856 4 0 _uhttps://fll.law.cu.edu.eg/fulltext/bks/B11-06169.pdf
905 _a75
_eYara
942 _2ddc
_n0
_cBK
_e21
999 _c46297
_d46297